Modelovanie a riadenie polohy satelitu

Enregistré dans:
Détails bibliographiques
Auteur principal: Zornjan, Mihal (Auteur)
Autres auteurs: Rosinová, Danica (Directeur de thèse)
Format: Manuscrit Livre
Langue:slovaque
Publié: Bratislava : STU v Bratislave FEI, 2022
Sujets:
Accès en ligne:https://opac.crzp.sk/?fn=detailBiblioFormChildWN32E&sid=A770A18E340C6018B286E5BDD5C2&seo=CRZP-detail-kniha
Tags: Ajouter un tag
Pas de tags, Soyez le premier à ajouter un tag!

MARC

LEADER 00000ntm a22000003a 4500
001 stuzp85931
003 SK-STU
005 20230117135211.4
007 ta
008 150427s2015----xo-----f-mn---000-0-slo-d
040 |a STU  |b slo 
041 0 |a slo 
044 |a xo 
100 1 |a Zornjan, Mihal  |u 030400  |4 aut  |U FEI Fakulta elektrotechniky a informatiky  |T FEI Ústav automobilovej mechatroniky  |X 80861  |U E400  |Y 642  |7 80861 
242 0 1 |a Modeling and Control of Satellite Dynamics  |y eng 
245 1 0 |a Modelovanie a riadenie polohy satelitu 
260 |a Bratislava :  |b STU v Bratislave FEI,  |c 2022 
300 |a 63 s., príl. 
650 4 |a Pohyb satelitu  |2 slo 
650 4 |a Lineárne-kvadratické riadenie (LQR)  |2 slo 
650 4 |a Riadenie s rozmiestnením pólov  |2 slo 
650 4 |a Modelovanie kinematiky a dynamiky satelitu  |2 slo 
650 4 |a Satellite motion  |2 eng 
650 4 |a Satellite kinematics and dynamics modeling  |2 eng 
650 4 |a Linear-quadratic regulation (LQR)  |2 eng 
650 4 |a Pole placement control  |2 eng 
700 1 |a Rosinová, Danica  |u 030400  |k Z1  |4 ths  |U FEI Fakulta elektrotechniky a informatiky  |T FEI Ústav automobilovej mechatroniky  |X 4938  |U E400  |Y 642  |7 A000004938 
856 4 |u https://opac.crzp.sk/?fn=detailBiblioFormChildWN32E&sid=A770A18E340C6018B286E5BDD5C2&seo=CRZP-detail-kniha